| 000 | 00907nam a2200253Ia 4500 | ||
|---|---|---|---|
| 003 | OSt | ||
| 005 | 20221005113137.0 | ||
| 006 | a|||||r|||| 00| 0 | ||
| 007 | ta | ||
| 008 | 221004b |||||||| |||| 00| 0 pan d | ||
| 020 |
_a9788180591235 (hbk) _cINR 250.00 |
||
| 024 | _a32205 | ||
| 037 |
_b790, 27/02/2017, H.K. Prakashan _cTextual |
||
| 040 |
_aCRL _cCRL _bpan |
||
| 041 |
_2pan _apan |
||
| 082 | _aNT4443:g, 153Q6 | ||
| 100 | _aਬਲਵਿੰਦਰ ਸਿੰਘ, ਂਚ. | ||
| 245 | 0 |
_aਪੰਜਾਬੀ ਰੰਗਮੰਚ _b ਵਿਭਿੰਨ ਪਾਸਾਰ |
|
| 260 |
_aਦਿੈੱਲੀ _bF੍ਹੀ ਪ੍ਰਕਾFਨ ਜ਼ਅਦਜ਼ _c2016 |
||
| 300 |
_a112ਪ੍ਰ0 _ccm. |
||
| 650 | _a ਰੰਗਮੰਚ | ||
| 942 |
_hNT4443:g, 153Q6 _cTEXL _2cc |
||
| 999 |
_c1027177 _d1027177 |
||